000 00784nam a22001817a 4500
005 20241003145044.0
008 241003b ||||| |||| 00| 0 eng d
040 _cSSBUL
041 _aMyanmar
082 _223
_a၂၉၄.၃ သု
_b၁၃၁၅၅ S-SAT
100 0 _aသုနန္ဒ၊ အသျှင်။
_954827
245 1 _aဗုဒ္ဓနှင့်ဗုဒ္ဒဝါဒ တွေးမြင်ယူဆမှု /
_bအသျှင်သုနန္ဒ။
260 _aရန်ကုန် ၊
_bပြည့်မျက်ရှုစာပေ၊
_c၁၉၇၀။
300 _aင၊ ၄၀၇ စာမျက်နှာ ၊
_c၁၈ စင်တီ။
500 _aS-SAT: Dr. Sai Aung Tun
650 _aဗုဒ္ဓဘာသာ
942 _2ddc
_cBK1
999 _c40908
_d40908